000
00276nam a2200121Ia 4500
008
241002s9999 xx 000 0 und d
082
_a
808.81 REE
100
_a
Rees, Ennis
245
4
_a
The Iltad Of Homer
260
_a
New York:
_c
1963
600
_a
Literature
942
_c
UC
999
_c
18680
_d
18680